| 000 | 01177nam a2200241Ia 4500 | ||
|---|---|---|---|
| 999 |
_c4891 _d4891 |
||
| 003 | OSt | ||
| 005 | 20200429154522.0 | ||
| 008 | 191128s2000 ck gr 000 0 spa d | ||
| 040 |
_aCO-JMCR _cCO-JMCR |
||
| 041 | 0 | _aspa | |
| 082 | 0 | 4 |
_a304.82 / _bS527m |
| 111 | 1 |
_aSeminario de Migraciones Internacionales en Colombia (1999 : Bogotá) _93676 |
|
| 245 | 1 | 0 |
_aMemorias / _cSeminario de Migraciones Internacionales en Colombia ; compiladora, Adriana Castillo Torres |
| 250 | _aPrimera edición | ||
| 260 |
_aBogotá : _bDepartamento Administrativo de Seguridad : Organización Internacional para las migraciones : Pontificia Universidad Javeriana, _c2000 |
||
| 300 |
_a280 páginas ; _c24 cm. |
||
| 505 | _aLas migraciones internacionales -- Una mirada contextual de la migración internacional desde Colombia -- La emigración de colombianos hacia los Estados Unidos y el surgimiento de comuniades transnacionales -- Los movimientos de población desde Colombia | ||
| 650 | 1 | 4 |
_aEmigración e inmigración _93677 |
| 650 | 2 | 4 |
_aMigración humana _93678 |
| 650 | 2 | 4 |
_aCongresos, reuniones _93679 |
| 700 | 1 |
_aCastillo Torres, Adriana, _e compiladora _93680 |
|
| 942 |
_2ddc _cBK |
||